Główne punkty przejścia granicznego w Polsce (miejscowości) - Statystyki

Ogólne statystyki
  • Ten quiz został rozwiązany 21 razy
  • Średni wynik to 7 z 23
Statystyki odpowiedzi
województwo miejscowość % Poprawnych
dolnośląskie Zgorzelec
78%
podkarpackie Medyka
72%
lubelskie Terespol
67%
lubuskie Słubice
61%
śląskie Cieszyn
56%
lubuskie Kostrzyn nad Odrą
39%
warmińsko-mazurskie Gołdap
33%
podlaskie Budzisko
28%
lubelskie Hrebenne
28%
podkarpackie Korczowa
28%
podlaskie Kuźnica Białostocka
28%
lubuskie Świecko
28%
śląskie Zwardoń
28%
podkarpackie Barwinek
22%
podlaskie Bobrowniki
22%
warmińsko-mazurskie Gronow
22%
warmińsko-mazurskie Bezledy
17%
lubelskie Dorohusk
17%
podlaskie Ogrodniki
17%
śląskie Chałupki
11%
małopolskie Łysa Polana
11%
dolnośląskie Jakuszyce(Szklarska Poręba)
0%
dolnośląskie Kudowa-Słone(Kudowa Zdrój)
0%
Nie znaleziono quizów pasujących do podanych kryteriów
Rozkład punktacji
Procent ludzi z każdym wynikiem
Percentyl według liczby udzielonych odpowiedzi
Twoja historia wyników
Nie rozwiązałeś tego quizu